The vault of Vishnu / (Record no. 181866)

MARC details
000 -LEADER
fixed length control field 00510nam a22001577a 4500
005 - DATE AND TIME OF LATEST TRANSACTION
control field 20211007143407.0
010 ## - LCCN (DPL NO)
LC control number EN230921
020 ## - INTERNATIONAL STANDARD BOOK NUMBER
International Standard Book Number 9789389152197
Terms of availability 399.00
037 ## - SOURCE OF ACQUISITION
Source of stock number/acquisition Westland Publications
100 ## - MAIN ENTRY--PERSONAL NAME
Personal name Sanghi,Ashwin
245 ## - TITLE STATEMENT
Title The vault of Vishnu /
Statement of responsibility, etc by Ashwin Sanghi
260 ## - PUBLICATION, DISTRIBUTION, ETC. (IMPRINT)
Place of publication, distribution, etc Chennai
Name of publisher, distributor, etc Westland Publications
Date of publication, distribution, etc 2020
270 ## - ADDRESS
City Chennai
Address 1st Floor,A Block,East Wing,Plot No.40,SP Infocity,Dr MGR Salai,Perungudi,Kandanchavadi,
Postal code 600096
300 ## - PHYSICAL DESCRIPTION
Extent 327p.
Dimensions 20cm(pbk)
942 ## - ADDED ENTRY ELEMENTS (KOHA)
Source of classification or shelving scheme Dewey Decimal Classification
Item type English Books
Call number suffix SAN

No items available.


© Delhi Public Library
Hit Counter
free hit counter